000 01325nam a2200313 a 4500
001 BRCA_8430
005 20190320210257.0
008 110915s2014----u--a######---#000-0#eng-#
020 _a9781606064351
041 _aeng
044 _au
050 4 _aND3044
_b.M36 2014
245 1 0 _aManuscript cultures of colonial Mexico and Peru
_bnew questions and approaches
_cedited by Thomas B. F. Cummins, Emily A. Engel, Barbara Anderson, and Juan M. Ossio A.
260 _aLos Angeles, California
_bGetty Research Institute
_c2014
300 _avii, 199 p.
_bil. (algunas a color)
_c26 cm.
440 0 _aIssues & debates
_917492
500 _aIncluye notas biográficas sobre los contribuyentes
504 _aIncluye referencias bibliográficas e índice
650 1 4 _aIluminación de libros y manuscritos
_xTécnica
_zMéxico
_921114
650 1 4 _aIluminación de libros y manuscritos
_xTécnica
_zPerú
_921115
650 1 4 _aManuscripts, Spanish American
_xHistoria
_921116
651 4 _aMéxico
_xHistoria
_yColonia española, 1540-1810
_9394
651 4 _aPerú
_xHistoria
_y1548-1820
_921117
700 1 _aCummins, Thomas
_d1949-
_eed.
_921118
700 1 _aEngel, Emily A.
_d1978-
_eed.
_921119
700 1 _aAnderson, Barbara
_d1947-
_q(Barbara Christine)
_eed.
_921120
700 1 _aOssio A., Juan M.
_eed.
_921121
942 _2lcc
_cB
999 _c8097
_d8097